| 000 | 00901nam a22001817a 4500 | ||
|---|---|---|---|
| 008 | 090719t xxu||||| |||| 00| 0 eng d | ||
| 020 | _a9789953822143 | ||
| 082 |
_222 _a320.54 _bد و ل |
||
| 245 | 0 | 2 |
_aالدولة الوطنية المعاصرة: _bأزمة الاندماج والتفكيك |
| 260 |
_aبيروت: _bمركز دراسات الوحدة العربية ، _c2008 |
||
| 300 |
_a166 ص _c24 سم |
||
| 490 | 1 |
_aسلسلة كتب المستقبل العربى _v58 |
|
| 650 |
_98069 _aالديمقراطية _zالبلدان العربية |
||
| 650 |
_98070 _aالاحزاب السياسية _zالبلدان العربية |
||
| 700 | 1 |
_98071 _aالرحمون ، احمد عوض |
|
| 942 |
_2ddc _cBB |
||
| 999 |
_c12369 _d12369 |
||